[Event "Asian Games tt"]
[Site "Hangzhou"]
[Date "2023.10.03"]
[Round "5.5"]
[White "Abdusattorov, Nodirbek"]
[Black "Wei, Yi"]
[Result "1/2-1/2"]
[WhiteElo "2716"]
[BlackElo "2726"]
[PlyCount "123"]
[EventDate "2023.09.29"]
[EventType "team-tourn"]
[EventRounds "9"]
[EventCountry "CHN"]
[SourceTitle "EXT 2024"]
[Source "ChessBase"]
[SourceDate "2023.10.10"]
[SourceVersion "1"]
[SourceVersionDate "2023.10.10"]
[SourceQuality "1"]
[WhiteTeam "Uzbekistan"]
[BlackTeam "China"]
[WhiteTeamCountry "UZB"]
[BlackTeamCountry "CHN"]

1. e4 e5 2. Nf3 Nc6 3. Bb5 Nf6 4. d3 Bc5 5. Ba4 d6 6. 0-0 h6 7. c3 0-0 8. h3 Ne7 9. d4 Bb6 10. Bc2 Ng6 11. Nbd2 c6 12. Re1 Bc7 13. a4 Re8 14. b4 d5 15. exd5 exd4 16. Rxe8+ Qxe8 17. c4 a5 18. Bb2 Nf4 19. Qf1 axb4 20. Re1 Qd8 21. Bxd4 Bd7 22. Bc5 Qb8 23. Bd4 Qd8 24. Bc5 Qb8 25. Be7 Bd8 26. Bxb4 cxd5 27. Bc3 Ra6 28. Bxf6 Rxf6 29. Ne5 Qc8 30. Nxd7 Qxd7 31. cxd5 Rd6 32. Nf3 Bf6 33. Qc4 Nxd5 34. Bb3 Nc7 35. h4 Ne6 36. h5 Qc6 37. Qg4 Nc5 38. Rc1 b6 39. Ba2 Qxa4 40. Qxa4 Nxa4 41. Rc8+ Rd8 42. Rc7 Rf8 43. Rb7 b5 44. g3 Nc3 45. Bb3 Ne2+ 46. Kg2 Nd4 47. Nxd4 Bxd4 48. f4 Bf6 49. Kf3 b4 50. Kg4 Bc3 51. Kf5 Kh7 52. g4 Bd2 53. Rd7 Bc1 54. Rc7 Bd2 55. Re7 Bc1 56. Rb7 Bd2 57. Bxf7 b3 58. g5 hxg5 59. fxg5 b2 60. g6+ Kh6 61. Rxb2 Bg5 62. Rb3 1/2-1/2

[Event "Asian Games"]
[Site "Hangzhou"]
[Date "2023.09.25"]
[Round "4"]
[White "Wei, Yi"]
[Black "Nogerbek, Kazybek"]
[Result "1-0"]
[WhiteElo "2726"]
[BlackElo "2471"]
[PlyCount "91"]
[EventDate "2023.09.24"]
[EventType "swiss (rapid)"]
[EventRounds "9"]
[EventCountry "CHN"]
[SourceTitle "EXT 2024"]
[Source "ChessBase"]
[SourceDate "2023.10.10"]
[SourceVersion "1"]
[SourceVersionDate "2023.10.10"]
[SourceQuality "1"]

1. Nf3 Nf6 2. c4 e6 3. b3 d5 4. Bb2 Be7 5. e3 0-0 6. Nc3 c5 7. cxd5 exd5 8. Rc1 Nc6 9. Bb5 Bd7 10. 0-0 a6 11. Bxc6 Bxc6 12. Ne5 Rc8 13. Ne2 Nd7 14. Nxc6 Rxc6 15. Nf4 Nf6 16. Qf3 Bd6 17. Bxf6 Qxf6 18. Nxd5 Qxf3 19. gxf3 Rd8 20. f4 f5 21. f3 Kf7 22. e4 Ke6 23. Kf2 g6 24. h4 Be7 25. Rh1 Rxd5 26. exd5+ Kxd5 27. h5 Bd6 28. hxg6 hxg6 29. Rh7 b5 30. Ke3 c4 31. bxc4+ bxc4 32. Rd7 Ke6 33. Rg7 Kd5 34. Rc2 a5 35. Rb7 Bc5+ 36. Ke2 a4 37. Rb5 Kd4 38. Ra5 Re6+ 39. Kd1 a3 40. Ra4 Kd5 41. Rcxc4 Bf8 42. Rc8 Be7 43. Ra5+ Kd4 44. Re8 Kd3 45. Rd5+ Kc4 46. Rd7 1-0

[Event "FIDE World Cup"]
[Site "Baku"]
[Date "2023.08.05"]
[Round "3.1"]
[White "Ivanchuk, Vassily"]
[Black "Wei, Yi"]
[Result "1/2-1/2"]
[WhiteElo "2667"]
[BlackElo "2726"]
[PlyCount "106"]
[EventDate "2023.07.30"]
[EventType "k.o."]
[EventRounds "8"]
[EventCountry "AZE"]
[SourceTitle "EXT 2024"]
[Source "ChessBase"]
[SourceDate "2023.10.10"]
[SourceVersion "1"]
[SourceVersionDate "2023.10.10"]
[SourceQuality "1"]

1. d4 Nf6 2. c4 e6 3. g3 Bb4+ 4. Nd2 c5 5. a3 Bxd2+ 6. Qxd2 Nc6 7. Nf3 Ne4 8. Qd3 Qa5+ 9. Nd2 d5 10. f3 Nd6 11. dxc5 Nxc4 12. Qc3 Qxc3 13. bxc3 Ne3 14. Ra2 e5 15. Ne4 dxe4 16. Bxe3 Be6 17. Rb2 0-0-0 18. Bg2 Na5 19. Kf2 Nc4 20. Rbb1 Rd7 21. c6 bxc6 22. fxe4 Rhd8 23. Bc5 a5 24. Bb6 Re8 25. Bc5 Red8 26. Bb6 Re8 27. Bc5 Rd2 28. Rb3 Rb2 29. Rxb2 Nxb2 30. Rb1 Nc4 31. Ke1 Rd8 32. Rd1 Bd7 33. Bf1 Be6 34. Rxd8+ Kxd8 35. e3 Kd7 36. Bxc4 Bxc4 37. Bf8 g5 38. Kd2 Ba2 39. Kc2 a4 40. Bh6 f6 41. Bf8 Ke6 42. Bc5 Bc4 43. Bb6 Bf1 44. Kd2 Kf7 45. Bc5 Kg6 46. Be7 Bc4 47. Bd8 Bb5 48. Be7 Ba6 49. Kc2 f5 50. h4 g4 51. Bd6 fxe4 52. Bxe5 Be2 53. Bb8 c5 1/2-1/2

[Event "Global Chess League Final"]
[Site "Dubai"]
[Date "2023.07.02"]
[Round "4.3"]
[White "Vidit, Santosh Gujrathi"]
[Black "Wei, Yi"]
[Result "0-1"]
[WhiteElo "2719"]
[BlackElo "2726"]
[PlyCount "110"]
[EventDate "2023.07.02"]
[EventType "team-k.o. (rapid)"]
[EventRounds "5"]
[EventCountry "UAE"]
[SourceTitle "CBM 215 Extra"]
[Source "ChessBase"]
[SourceDate "2023.09.30"]
[SourceVersion "1"]
[SourceVersionDate "2023.09.30"]
[SourceQuality "1"]
[WhiteTeam "Upgrad Mumba Masters"]
[BlackTeam "Triveni Continental Kings"]
[WhiteTeamCountry "IND"]
[BlackTeamCountry "IND"]

1. d4 Nf6 2. c4 e6 3. Nf3 d5 4. Nc3 c6 5. e3 Nbd7 6. Qc2 Bd6 7. b3 0-0 8. Be2 b6 9. 0-0 Bb7 10. Bb2 Qe7 11. a4 a5 12. Rad1 Bb4 13. Na2 Bd6 14. Nc3 Bb4 15. Ne5 Rac8 16. f4 c5 17. Nb5 cxd4 18. exd4 Ne4 19. Bd3 f5 20. Na7 Rc7 21. Nb5 Rcc8 22. Na7 Rc7 23. Nb5 Nxe5 24. fxe5 Rd7 25. Qe2 Qg5 26. cxd5 Bxd5 27. Bc4 Rc8 28. Rc1 Bd2 29. Rce1 Bxe1 30. Rxe1 Qd2 31. Ba3 Bxc4 32. bxc4 Qxe2 33. Rxe2 Rxc4 34. g4 g6 35. gxf5 gxf5 36. Kg2 Rg7+ 37. Kf3 Rg1 38. d5 Ng5+ 39. Kf2 Nh3+ 40. Kf3 Rf4+ 41. Ke3 Re4+ 42. Kd2 Rxe2+ 43. Kxe2 exd5 44. e6 Rg4 45. e7 Re4+ 46. Kd2 Nf4 47. Nc7 Kf7 48. Bd6 Ng6 49. e8Q+ Rxe8 50. Nxe8 Kxe8 51. Bc7 Ne7 52. Bxb6 Nc6 53. Ke3 Ke7 54. Bc5+ Ke6 55. Bb6 d4+ 0-1

[Event "Global Chess League Final"]
[Site "Dubai"]
[Date "2023.07.02"]
[Round "3.3"]
[White "Wei, Yi"]
[Black "Vidit, Santosh Gujrathi"]
[Result "0-1"]
[WhiteElo "2726"]
[BlackElo "2719"]
[PlyCount "102"]
[EventDate "2023.07.02"]
[EventType "team-k.o. (rapid)"]
[EventRounds "5"]
[EventCountry "UAE"]
[SourceTitle "CBM 215 Extra"]
[Source "ChessBase"]
[SourceDate "2023.09.30"]
[SourceVersion "1"]
[SourceVersionDate "2023.09.30"]
[SourceQuality "1"]
[WhiteTeam "Triveni Continental Kings"]
[BlackTeam "Upgrad Mumba Masters"]
[WhiteTeamCountry "IND"]
[BlackTeamCountry "IND"]

1. d4 Nf6 2. c4 e6 3. Nc3 Bb4 4. Qc2 d5 5. Nf3 0-0 6. cxd5 exd5 7. Bg5 h6 8. Bh4 c5 9. dxc5 Nbd7 10. e3 g5 11. Bg3 Nxc5 12. Bd3 Nfe4 13. Nd4 Bxc3+ 14. bxc3 Re8 15. 0-0 Bd7 16. c4 Nxd3 17. Qxd3 dxc4 18. Qxc4 Nd2 19. Qe2 Nxf1 20. Rxf1 Qf6 21. Qd2 Rac8 22. f4 g4 23. f5 Re4 24. Bf4 h5 25. Qa5 a6 26. Qb4 Bb5 27. Rd1 Rc4 28. Qd2 Ba4 29. Rf1 Kh7 30. Qf2 Bc6 31. Bg3 Bd5 32. Rd1 Qg5 33. Bf4 Qe7 34. a3 Rc3 35. Re1 Rxa3 36. h3 Ra2 37. Qg3 Rxd4 38. hxg4 Rxg2+ 39. Qxg2 Bxg2 40. Kxg2 Qe4+ 41. Kg3 Rd2 42. Rg1 h4+ 43. Kxh4 Rg2 44. Rc1 Qf3 45. Kg5 Qxg4+ 46. Kf6 Qg7+ 47. Ke7 f6+ 48. Ke6 Qg8+ 49. Kxf6 Qf8+ 50. Ke6 Qe8+ 51. Kf6 Rg7 0-1

[Event "Global Chess League"]
[Site "Dubai"]
[Date "2023.06.30"]
[Round "9.3"]
[White "Wei, Yi"]
[Black "Radjabov, Teimour"]
[Result "1-0"]
[WhiteElo "2722"]
[BlackElo "2747"]
[PlyCount "93"]
[EventDate "2023.06.22"]
[EventType "team-tourn (rapid)"]
[EventRounds "10"]
[EventCountry "UAE"]
[SourceTitle "CBM 215 Extra"]
[Source "ChessBase"]
[SourceDate "2023.09.30"]
[SourceVersion "1"]
[SourceVersionDate "2023.09.30"]
[SourceQuality "1"]
[WhiteTeam "Triveni Continental Kings"]
[BlackTeam "Balan Alaskan Knights"]
[WhiteTeamCountry "IND"]
[BlackTeamCountry "IND"]

1. d4 Nf6 2. c4 e6 3. Nf3 b6 4. g3 Bb7 5. Bg2 Be7 6. 0-0 0-0 7. Nc3 Ne4 8. Bd2 Nxd2 9. Qxd2 d6 10. e4 Nd7 11. Rad1 c5 12. d5 e5 13. Ne1 a6 14. a4 Bc8 15. f4 Bf6 16. Nf3 Rb8 17. Rf2 b5 18. axb5 Qa5 19. Bf1 Re8 20. f5 Bd8 21. g4 Nf6 22. Rg2 Bd7 23. Qe1 axb5 24. cxb5 c4 25. Bxc4 Qb4 26. Bd3 Ba5 27. Qh4 Qc5+ 28. Kh1 Bxc3 29. g5 Nxd5 30. exd5 e4 31. Bxe4 Qe3 32. bxc3 Rxe4 33. Qg3 Qxc3 34. Nd4 Qc5 35. g6 hxg6 36. Ne6 Qxb5 37. fxg6 fxe6 38. Qh3 Rf4 39. Rc2 e5 40. Qh7+ Kf8 41. Qh8+ Ke7 42. Qxg7+ Kd8 43. Qh8+ Be8 44. g7 Qa4 45. g8Q Qe4+ 46. Rg2 Kc7 47. Qhh7+ 1-0

[Event "Global Chess League"]
[Site "Dubai"]
[Date "2023.06.28"]
[Round "7.3"]
[White "Wei, Yi"]
[Black "Dubov, Daniil"]
[Result "1-0"]
[WhiteElo "2722"]
[BlackElo "2716"]
[PlyCount "113"]
[EventDate "2023.06.22"]
[EventType "team-tourn (rapid)"]
[EventRounds "10"]
[EventCountry "UAE"]
[SourceTitle "CBM 215 Extra"]
[Source "ChessBase"]
[SourceDate "2023.09.30"]
[SourceVersion "1"]
[SourceVersionDate "2023.09.30"]
[SourceQuality "1"]
[WhiteTeam "Triveni Continental Kings"]
[BlackTeam "Chingari Gulf Titans"]
[WhiteTeamCountry "IND"]
[BlackTeamCountry "IND"]

1. d4 d5 2. c4 e6 3. Nf3 Nf6 4. g3 Bb4+ 5. Bd2 a5 6. Bg2 0-0 7. Qc2 c5 8. dxc5 d4 9. Bxb4 axb4 10. 0-0 Nc6 11. Nbd2 e5 12. Ng5 Qe7 13. Bd5 g6 14. Nge4 Bf5 15. Nxf6+ Qxf6 16. Ne4 Qe7 17. a3 Kg7 18. Bxc6 bxc6 19. axb4 Rab8 20. Ra4 h5 21. f3 h4 22. g4 Bxe4 23. Qxe4 f5 24. gxf5 gxf5 25. Qxc6 Rf6 26. Qd5 Rg6+ 27. Kh1 Kh6 28. Ra8 Rxa8 29. Qxa8 Kh7 30. f4 e4 31. Ra1 Rg7 32. Qd5 Qf6 33. Qd6 Qf7 34. Qxd4 Qh5 35. Qe3 h3 36. Rg1 Rg4 37. Rxg4 Qxg4 38. Qg3 Qh5 39. Kg1 Qf7 40. Qxh3+ Kg7 41. c6 Kg6 42. Qg3+ Kh7 43. Qh4+ Kg6 44. Qg5+ Kh7 45. c7 Qxc7 46. Qxf5+ Kh6 47. Qe6+ Kh7 48. Qxe4+ Kh6 49. Kf2 Qb6+ 50. c5 Qf6 51. f5 Qxb2 52. c6 Kh5 53. h3 Kg5 54. c7 Kh6 55. Qh4+ Kg7 56. Qg5+ Kf7 57. Qg6+ 1-0

[Event "Global Chess League"]
[Site "Dubai"]
[Date "2023.06.25"]
[Round "5.3"]
[White "Dominguez Perez, Leinier"]
[Black "Wei, Yi"]
[Result "1-0"]
[WhiteElo "2739"]
[BlackElo "2722"]
[PlyCount "87"]
[EventDate "2023.06.22"]
[EventType "team-tourn (rapid)"]
[EventRounds "10"]
[EventCountry "UAE"]
[SourceTitle "CBM 215 Extra"]
[Source "ChessBase"]
[SourceDate "2023.09.30"]
[SourceVersion "1"]
[SourceVersionDate "2023.09.30"]
[SourceQuality "1"]
[WhiteTeam "Ganges Grandmasters"]
[BlackTeam "Triveni Continental Kings"]
[WhiteTeamCountry "IND"]
[BlackTeamCountry "IND"]

1. e4 c5 2. Nf3 Nc6 3. d4 cxd4 4. Nxd4 Nf6 5. Nc3 d6 6. Bg5 e6 7. Qd2 a6 8. 0-0-0 Bd7 9. Kb1 Nxd4 10. Qxd4 Be7 11. f4 Bc6 12. Bc4 Qa5 13. Rhe1 h6 14. Bh4 0-0-0 15. f5 b5 16. Bd5 Bxd5 17. exd5 b4 18. Ne4 Qxd5 19. Bxf6 gxf6 20. Qxd5 exd5 21. Rxd5 Rhg8 22. g3 Kc7 23. c3 bxc3 24. Nxc3 Rd7 25. Re4 Kb7 26. Rb4+ Ka7 27. Kc2 Rc8 28. Kd3 Bf8 29. Re4 Rdc7 30. a3 Rc6 31. Rdd4 h5 32. Rc4 Rc5 33. Rh4 Rd8 34. Rxh5 Rd7 35. Rh8 d5 36. Rxc5 Bxc5 37. Rh6 Rd6 38. Rh7 Rd7 39. h4 Bf2 40. g4 Kb6 41. g5 fxg5 42. hxg5 Kc6 43. g6 fxg6 44. Rxd7 1-0